Educación y prevención general en el derecho penal de menores

Tallennettuna:
Bibliografiset tiedot
Päätekijä: Cruz Márquez, Beatriz (Tekijä)
Aineistotyyppi: Kirja
Kieli:espanja
Julkaistu: Madrid Marcial Pons Ediciones Jurídicas y Sociales 2006
Aiheet:
Tagit: Lisää tagi
Ei tageja, Lisää ensimmäinen tagi!

MARC

LEADER 00000nam a2200000 a 4500
001 UCG4738
003 CL-VaPUC
008 101125e20060000SP |||||||||||||||||spa|d
020 |a 9788497683593 
082 0 4 |a 345.03  |b CRU  |2 21 
100 0 |a Cruz Márquez, Beatriz  |e author  |9 554184 
245 1 0 |a Educación y prevención general en el derecho penal de menores 
300 |a 180 p 
942 |c BK 
945 |d 20101125 00:00:00  |a mfarfan 
260 |a Madrid  |b Marcial Pons Ediciones Jurídicas y Sociales  |c 2006 
650 7 |a SITUACION JURIDICA  |2 CL-VaPUC  |9 398964 
650 0 |a Responsabilidad penal  |9 254899 
650 7 |a CULPABILIDAD  |2 CL-VaPUC  |9 351694 
650 7 |a MENORES  |2 CL-VaPUC  |9 554185 
583 |a last modification  |c 20101125 00:00:00  |k Rodrigo Vera 
999 |c 343387  |d 343385 
952 |0 0  |1 0  |4 0  |6 345_030000000000000_CRU_2006  |7 0  |8 A  |9 440673  |a BIBDER  |b BIBDER  |d 2019-11-22  |i 4738047  |o 345.03 CRU 2006  |p 4738047  |r 2019-11-22  |w 2019-11-22  |y BK  |k DER